Pays ayant l'Euro - Statistiques

Statistiques générales
  • Ce quiz a été pris 1 224 fois
    1 111 depuis la dernière actualisation
  • Le résultat moyen est 16 sur 20
Statistiques - réponses
Année d'Adoption Pays % Correct
France
100%
Espagne
98%
1999 Allemagne
96%
Italie
95%
Belgique
94%
Portugal
94%
Pays-Bas
86%
Autriche
83%
2001 Grèce
81%
Luxembourg
81%
2023 Croatie
78%
Irlande
75%
Finlande
70%
2009 Slovaquie
69%
2007 Slovénie
69%
2011 Estonie
66%
2014 Lettonie
66%
2015 Lituanie
66%
Malte
56%
2008 Chypre
40%
Aucun quiz correspondant
Distribution des résultats
% des personnes avec chaque résultat
Percentile par nombre de réponses
Votre historique - résultats
Vous n’avez pas pris ce quiz depuis la dernière actualisation